Central Library OPAC University of Rajshahi
Normal view MARC view

Entry Topical Term

Number of records used in: 2

001 - CONTROL NUMBER

  • control field: 13208

003 - CONTROL NUMBER IDENTIFIER

  • control field: BD-RjUL

005 - DATE AND TIME OF LATEST TRANSACTION

  • control field: 20240528121112.0

008 - FIXED-LENGTH DATA ELEMENTS

  • fixed length control field: 240528|| aca||aabn | a|a d

040 ## - CATALOGING SOURCE

  • Original cataloging agency: BD-RjUL
  • Transcribing agency: BD-RjUL

150 ## - HEADING--TOPICAL TERM

  • Topical term or geographic name entry element: Exotic
  • Form subdivision: Carp Culture

670 ## - SOURCE DATA FOUND

  • Source citation: Work cat.: (BD-RjUL)83838: Afroza, Shelina 13207, Exotic and Native Carp Culture and their Impact on Environment / , 1993